000 01031nam a22002297a 4500
005 2011052506566.0
008 110525t xxu||||| |||| 00| 0 mar d
010 _aMAR-20877
020 _c50.00
035 _aMR-13535
037 _bDBAD / PUB
040 _aDPL
_bMR
082 _a891.461
100 _aसूर्यवंशी,बालाजी
_928233
245 _aदगडाचे शव /
_cबालाजी सूर्यवंशी
246 _aDagdache Shav
_bby Balaji Suryavanshi
260 _aलातूर
_bअक्षर मानव प्रकाशन
_c2009
270 _aमु.वडगाव,पो.शिवणी ता. निलंगा
_bलातूर
_e413521
300 _a72पृ.
_c21 सेमी (अजिल्द)
942 _2ddc
_cMR
_h891.461
_mसूर्यवं
999 _c52580
_d52580